| 000 | 01036cab a2200277 4500 | ||
|---|---|---|---|
| 001 | ABS59996 | ||
| 008 | 090401t1999 xxu||||| |||| 00| 0 eng d | ||
| 035 | _a(Sirsi) u91010 | ||
| 041 | _aeng | ||
| 100 | _aKing, V. | ||
| 245 | _aDisability and rent review | ||
| 260 | _c1999 | ||
| 350 | _a0 | ||
| 490 |
_aEstates Gazette _v(9904) 30 January 1999, 150-151(2) |
||
| 520 | _aDiscusses the practical and cost implications for tenants of the Disability Discrimination Act 1995, which is being introduced in phases. Looks at alterations carried out in order to comply with the Act`s requirements, and their impact at rent review stage. | ||
| 650 | _aALTERATIONS | ||
| 650 | _aCOVENANTS | ||
| 650 | _aDISABILITY DISCRIMINATION ACT 1995 | ||
| 650 | _aMANAGEMENT-BUSINESS MANAGEMENT-DISCRIMINATION-DISABILITY DISCRIMINATION-ACCESSIBILITY | ||
| 650 |
_aLANDLORD AND TENANT _96252 |
||
| 650 | _aRENT REVIEWS | ||
| 690 | _aLANDLORD AND TENANT-BUSINESS TENANCIES | ||
| 700 | _aPhillips, T. | ||
| 942 | _n0 | ||
| 948 | _c01/02/1999 | ||
| 999 |
_c57748 _d57748 |
||